| 000 | 00352nam a2200121Ia 4500 | ||
|---|---|---|---|
| 008 | 170224s9999 xx 000 0 und d | ||
| 245 | _aDiminishing self-disclosure to maintain security in partners’ care. | ||
| 260 | _bJournal of Personality and Social Psychology | ||
| 260 | _c2014 | ||
| 300 | _a106:1 | ||
| 500 | _aJanuary | ||
| 650 | _xPsychology. | ||
| 999 |
_c316444 _d316444 |
||